000 00391nam a2200145Ia 4500
005 20250729165800.0
008 250729s2017 xx 000 0 und d
041 _aeng
082 _a372.25 RAMT
100 _aRamachandraiah B.R
_9232865
245 _aThe Essential of Educational evaluvation
260 _aMysore
_bVismaya Prakashana
_c2017
300 _a374p
650 _aEducation
_9232866
999 _c239995
_d239995